000 00948cab a2200289 4500
001 WB3512-25
008 090401t1999 xxu||||| |||| 00| 0 eng d
035 _a(Sirsi) u92353
041 _aeng
245 _aStabilising unsafe mining land
260 _c1999
350 _a0
490 _aDETR News Release
_v(266) 22 March 1999 (2)
520 _aThe DETR has launched a funding initiative to help local authorities and National Park Authorities stabilise unsafe disused non-coal mine workings. The Land Stabilisation Programme will be administered by English Partnerships.
650 _aABANDONED MINE WORKINGS
650 _aDERELICT LAND ACT 1982
650 _aDISUSED MINES
650 _aENGLISH PARTNERSHIPS
650 _aFUNDING
650 _aGRANTS
650 _aLAND STABILISATION PROGRAMME
650 _aSTABILISATION
650 _aUNSTABLE LAND
690 _aMINING AND MINERALS
942 _n0
948 _c24/03/1999
999 _c58560
_d58560